000 00792cab a2200241 4500
001 ABS47680
008 090401t1992 xxu||||| |||| 00| 0 eng d
035 _a(Sirsi) u63012
041 _aeng
100 _aBrown, D.
245 _aLandlords` consents to assign
260 _c1992
350 _a0
490 _aEstates Gazette
_v(9249) 12 December 1992, 101-102(2)
520 _aAn overview of what should be taken into consideration by landlords when responding to an application for consent to assign. Refers to the provisions of the Landlord and Tenant Act 1988.
650 _aASSIGNMENT
650 _aCONSENT TO ASSIGN
650 _aLANDLORD AND TENANT ACT 1988
650 _aLEASES
690 _aLANDLORD AND TENANT-BUSINESS TENANCIES
942 _n0
948 _c04/03/1997
999 _c39164
_d39164